| 000 | 00789nam0a22002411 4500 | ||
|---|---|---|---|
| 001 | v19\rc\1999289 | ||
| 005 | 20260406203741.0 | ||
| 035 | _a(NLR Aleph) 005075038 | ||
| 090 |
_a7136056 _c7136056 |
||
| 100 | _a20080811d1915 |||y0rusy50 ca | ||
| 101 | 0 | _arus | |
| 102 | _aRU | ||
| 105 | _ay z ||||| | ||
| 200 | 1 |
_aУстав Всероссийского общества кожевенных заводчиков _e[Утв. 5 мая 1915 г.] |
|
| 210 |
_aПетроград _d1915 |
||
| 215 |
_a24 с. _d20 |
||
| 710 | 0 | 2 |
_aВсероссийское о-во кожевенных заводчиков _3RU\NLR\AUTH\889964033 _9424299 |
| 801 | 0 |
_aRU _bNLR _gpsbo |
|
| 801 | 0 |
_aRU _bRuMoRGB _2psbo |
|
| 801 | 1 |
_aRU _bProSoft-M _2rusmarc |
|
| 852 |
_aNLR _j37.58.6.70 |
||
| 942 | _cBOOK | ||
| 980 | _aNB | ||